000 00408nam a2200157 i 4500
001 77074
003 ES-MaACL
005 20230906173059.0
007 t|
008 041006s1971 sp ||||1| spa d
100 1 _aGuzmán, Agata.
_961280
245 1 3 _aLa fuga del tiempo /
_cAgata Guzmán.
260 _aMadrid :
_bAlfaguara,
_c[1971]
300 _a62 p. ;
_c22 cm.
852 _aES-MaACL
_jC-38892
_bR.77627
999 _c77074
_d77074